MDQL
is popping MORE tags! Check the
thread
!
Quizzes
Events
Quiz Creation
Community
Videos
Private Events
Remove Ads
Sign In
Join for FREE
Feedback
Dark Mode
Quiz Categories
Sports
Geography
Music
Movies
Television
Just For Fun
Miscellaneous
History
Literature
Language
Science
Gaming
Entertainment
Religion
Holiday
For Kids
Quiz Lab
Recent
Popular Today
Quiz Kudos Today
Editor Picks
Curator Picks
Quizzes by...
Day
Popularity
Type
Ratings
Length
Year
Community
Subscriptions
Recent Discussions
Orange Saloon
Badges
Playlists
Quests
Create
Leaderboards
Showdown
Live 5
Trivia Bingo
Activity
Puzzle Library
Sporcle Events
Private Events
Virtual Trivia
Globe League
Become a Host
Pub Owners
SporcleCon
Opinionation
Our Games
Videos
Blog
Mobile Apps
Partnerships
Remove Ads and Go Orange
Feedback
Entertainment
Celebrity
Famous
Musical
Broadway
Show
Quote
Comic Books
Anime
Superhero
DC Comics
Marvel
Cartoons
Animation
Entertainment
Celebrity
Famous
Musical
Broadway
Show
Quote
Comic Books
Anime
Superhero
DC Comics
Marvel
Cartoons
Animation
Random Quiz
Search Sporcle
×
Quiz Lab
Quiz Lab
Entertainment
Animation
Type answers based on single images at one time
Type answers based on single images at one time
Slideshow
Best Score? Go Orange.
Name the black butler character Stats
Can you pick the Name the black butler character?
By
323lucylc
10m
44 Questions
2,159 Plays
2,159 Plays
2,159 Plays
Comments
Comments
Give Quiz Kudos
Give Quiz Kudos
-
- Ratings
hide this ad
Replay
Link that replays current quiz
Next Quiz
Link to next quiz in quiz playlist
You Got
0%
They Got
Avg Score
46%
Avg Friend Score
Upgrade to see
Score Distribution
Jump to the score distribution portion of the page
Score
0/44
Timer
10:00
0
Plays Today
% Correct
Ciel
99%
Sebastian
84.3%
Vincent
75.7%
Finnian
72.5%
Mey-Rin
71.1%
Elizabeth
69.7%
Pluto
69.2%
Alois
67.5%
Claude
66.8%
Snake
63.9%
Tanaka
61.9%
Hannah
58.6%
Baldroy
57.9%
Grell
57.9%
Lau
55.7%
Soma
54.4%
Joker
54.1%
William
52.3%
Rachel
51.9%
Beast
51.3%
Paula
49.7%
Agni
46.9%
% Correct
Angela
45.3%
Undertaker
42.8%
Ronald
41.9%
Doll
40.8%
Dagger
40.5%
Angelina
39.1%
Ash
38.7%
Thompson
37.1%
Timber
36.2%
Wendy
35.6%
Jumbo
33.8%
Peter
33.4%
Luka
31.9%
Canterbury
28.3%
Druitt
26.3%
Fred
22.9%
Drocell
22.3%
Edward
11.7%
Mina
8.8%
Ran-Mou
8%
Edward
6.9%
Richard
5%
Quiz Playlist
Details
Report
Send in Message
Add To Playlist
Slideshow:
Type answers based on single images at one time
Last Updated: Mar 24, 2017
Quiz Scoreboard
CHALLENGE
Sign Up to Join the Scoreboard
Show All
Scores
Hide
Comments
May contain spoilers
Recently Published
1-10 Letter E Words III
by El_Dandy
Language
2m
Street Fighter Characters
by Artimus82
Gaming
60s
College Basketball Coaching Resumes
by pancakes188
Sports
9m
More to Explore
Quiz From the Vault
Featured Blog Post
Where Did the Easter Bunny Come From?
hide this ad
You Might Also Like...
Tags
Animation Quiz
Anime Quiz
Black Butler
demon
Reaper
Sebastian
Today's Top Quizzes in Entertainment
Browse Entertainment
hide this ad
Today's Top Quizzes in Animation
Browse Animation
Top Contributed Quizzes in Entertainment
1
7-to-1: DC Comics Villains
2
Marvel Characters Bunker
3
Dragon Ball Z: Goku's Fights in Order
4
Eurovision 2023 Logic Puzzle
5
Sorting Pictures: Villains
6
Criteria Quickie: Cartoon Taxonomy II
7
7-to-1: One Piece
8
One Piece Characters Order of Appearance
9
Mini Trivia Sudoku: Musicals
10
Kamen Rider Motifs
Explore More
Trending Topics
Harry Potter
Disney
Kpop
NBA
Marvel
Crossword
Anime
NFL
Soccer
The Office
Country
Puzzle
Pokémon
WWE
Song
hide this ad
More By:
323lucylc
Quiz
Plays
Rating
Category
Featured
Created
Guess the fairy tail character
4,305
2.00
Television
Nov 29, 2015
Name the black butler character
2,159
3.00
Entertainment
May 19, 2016
Finish that Quote- Black Butler
1,683
4.00
Television
Jan 8, 2019
Marvel by Silhouette
443
2.33
Movies
Jan 8, 2019
Name the Black Butler season 1 characters
300
3.00
Television
Apr 10, 2019
Go to Creator's Profile
Score Distribution
Quiz Creator Spotlight
323lucylc
Follow
Send a Message
Quizzes Created
-
Created Quiz Play Count
-
More By This Creator
Popular Quizzes Today
1
Find the US States - No Outlines Minefield
2
Find the Countries of Europe - No Outlines Minefield
3
The Countries of the World
4
Find the US States
5
Risky Map Clicking: Biggest States A-Z
6
US States
7
Popular People in 1961
8
Movies - When Are They Set?
More Entertainment Quizzes
Who's That with Kathie Lee Gifford?
Editor's Pick
Trending Quizzes
Risky Map Clicking: Least Populous States A-Z
1-10 Letter G Words
1-10 Letter F Words
Countries of the World: 200 Million BC
Risky Map Clicking: Next State Alphabetically
Recently Updated
Beyoncé Albums
pecheneg
Leaping Animals
pecheneg
Reality TV Shows (A-Z)
bhenderson79
Rickey Henderson's Hall of Fame Teammates
pecheneg
Champions League XIs: Arsenal
pecheneg
Quick Pick: Celebrities in WWE's Hall of Fame
aduchscher
A-Z Keypad Blitz II
pecheneg
Multiple Oscar Actors
pecheneg
Mystery Phrase Blitz: Oscar 'Best Actors'
pecheneg
F. Scott Fitzgerald Novels
LTH
Trending Topics
Crossword
Anime
Kpop
Disney
Harry Potter
Marvel
NBA
The Office
WWE
Song
Country
NFL
Pokémon
Soccer
Puzzle
Your Account Isn't Verified!
In order to create a playlist on Sporcle, you need to verify the email address you used during registration. Go to your
Sporcle Settings
to finish the process.
Report this User
Report this user for behavior that violates our
Community Guidelines
.
Details:
Send Report
Go to the Sporcle.com Mobile Site →
Comments